000 00453nam a2200097Ia 4500
008 180130s9999 xx 000 0 und d
245 _cSilva, Armando; Afonso, Oscar; Africano, Ana Paula
_aWhich Portuguese films are more innovative? The importance of multinationals and exporters
260 _c2013
300 _aBook title: Innovation and creativity : pillars of the future global economy--Acession number C17287; pages 103-125
650 _aGLOBAL ECONOMY
999 _c354583
_d354583